Librería de Victoriano Suárez: [Catálogo de las obras de Doña Concepción Arenal]. (Record no. 37479)

MARC details
000 -LEADER
campo de control de longitud fija 00747nam a2200217 i 4500
001 - NÚMERO DE CONTROL
campo de control 37479
003 - IDENTIFICADOR DE NÚMERO DE CONTROL
campo de control ES-MaACL
005 - FECHA Y HORA DE LA ÚLTIMA TRANSACCIÓN
campo de control 20250903084237.0
007 - CAMPO FIJO DE DESCRIPCIÓN FÍSICA--INFORMACIÓN GENERAL
campo de control de longitud fija t|
008 - DATOS DE LONGITUD FIJA--INFORMACIÓN GENERAL
campo de control de longitud fija 030305q19001873sp b |||| | spa d
110 2# - ENTRADA PRINCIPAL--NOMBRE DE ENTIDAD CORPORATIVA
Nombre de entidad corporativa o nombre de jurisdicción como elemento de entrada Librería de Victoriano Suárez.
9 (RLIN) 5520
245 10 - MENCIÓN DEL TÍTULO
Título Librería de Victoriano Suárez: [Catálogo de las obras de Doña Concepción Arenal].
260 ## - PUBLICACIÓN, DISTRIBUCIÓN, ETC.
Lugar de publicación, distribución, etc. Madrid :
Nombre del editor, distribuidor, etc. Librería de Victoriano Suárez,
Fecha de publicación, distribución, etc. [1900]
300 ## - DESCRIPCIÓN FÍSICA
Extensión 24 p. ;
Dimensiones 19 cm.
500 ## - NOTA GENERAL
Nota general Ejemplar sin portada.
500 ## - NOTA GENERAL
Nota general Victoriano Suárez ejerce como editor ca. 1873-1900.
650 #7 - PUNTO DE ACCESO ADICIONAL DE MATERIA--TÉRMINO DE MATERIA
Término de materia o nombre geográfico como elemento de entrada Catálogos de editores-
Subdivisión cronológica S.XIX
Fuente del encabezamiento o término
9 (RLIN) 169796
700 1# - ENTRADA AGREGADA--NOMBRE PERSONAL
Nombre de persona Arenal, Concepción,
Fechas asociadas al nombre 1820-1893
9 (RLIN) 22591
852 ## - LOCALIZACIÓN
Ubicación ES-MaACL
Número de control de estantería T-966-F-4
Holdings
Estatus retirado Estado de pérdida Estado de daño No para préstamo Colección Biblioteca de origen Biblioteca actual Ubicación en estantería Fecha de adquisición Fuente de adquisición Total de préstamos Signatura topográfica completa Código de barras Visto por última vez Precio de reemplazo Tipo de ítem Koha
        Colección de folletos Biblioteca del Ateneo de Madrid Biblioteca del Ateneo de Madrid Depósito folletos 17/01/2008     T-966-F-4 1039445 23/02/2023 23/02/2023 Folleto